Normal view
MARC view
- Shetterly, Margot Lee
Entry Personal Name
001 - CONTROL NUMBER
- control field: 95374
003 - CONTROL NUMBER IDENTIFIER
- control field: NUST
005 - DATE AND TIME OF LATEST TRANSACTION
- control field: 20220726174010.0
008 - FIXED-LENGTH DATA ELEMENTS
- fixed length control field: 220726|| aca||aabn | a|a d
040 ## - CATALOGING SOURCE
- Original cataloging agency: NUST
- Transcribing agency: NUST
100 ## - HEADING--PERSONAL NAME
- Personal name: Shetterly, Margot Lee
670 ## - SOURCE DATA FOUND
- Source citation: Work cat.: (NUST)0: Shetterly, Margot Lee., Hidden figures :
